Responses for Show #3395 - Friday, May 14, 1999

1999 College Championship final game 2.
From the Rosemont Theatre in Rosemont, Illinois.

Contestants

[<< previous game]

Carolyn Cracraft, a junior at the University of Chicago from San Jose, California (subtotal of $10,000)

Katie King, a junior at the University of Kentucky from Charleston, West Virginia (subtotal of $9,600)

Josh Levy, a senior at the University of Pennsylvania from Bethesda, Maryland (subtotal of $9,000)

[next game >>]

Jeopardy! Round responses

NAME THAT COUNTRY
ROGER EBERT ON MOVIES
(Alex: He will give all the clues.)
COLLEGE TOWNS
(Alex: You have to name the city where you find the main campus.)
SCIENCE FAIR
NUKE IT!
START "IN" ON IT
    $100 28
Monaco

Carolyn
    $100 7
Mel Gibson

Carolyn
    $100 29
New York City

Josh
    $100 30
Atmosphere

Josh
    $100 1
Campbell's

Katie
    $100 12
Insanity

Carolyn
    $200 27
Ethiopia

Carolyn
    $200 8
Gwyneth Paltrow & Judi Dench

Josh
    $200 23
Tucson

Katie
    $200 25
Twinkies

Carolyn
    $200 3
Popcorn

Carolyn
    $200 13
Infinite

Josh
    $300 26
Switzerland

Josh
    $300 9
Bulworth

Josh
    $300 22
Columbus

Katie
    $300 2
Athlete's foot

Carolyn
    $300 4
Ball Park

Josh
    $300 14
(C: What is infrared?)
(K: What is incineration?)

Incandescence

KatieCarolyn
Triple Stumper
    $400 20
Chile

Triple Stumper
    $400 10
The Chicago Tribune

Carolyn
    $500 17
(K: What is Fort Collins, Colorado?)

Colorado Springs

Katie
    $400 24
(K: What is steel?)
(J: What is the head?)
(less than a minute to go, Katie...)

Zinc

JoshKatie
Triple Stumper
    $400 5
Hot Pockets

Carolyn
    $400 15
Inalienable rights

Katie
    $500 19
Malaysia

Carolyn
    $500 11
Tron

Josh
    $500 18
Tallahassee

Katie
    $500 16
(K: What are planets?)

Numbers

Katie
Triple Stumper
    $500 6
Weight Watchers

Carolyn
    $500 21
Incantation

Josh

Scores at the first commercial break (after clue 11):

Josh Katie Carolyn
$1,300 $100 $1,900

Scores at the end of the Jeopardy! Round:

Josh Katie Carolyn
$2,100 -$200 $2,700

Double Jeopardy! Round responses

OPRAH'S BOOK CLUB
MONET'S CRONIES
TELEVISION
SPELL THE LAST NAME
(Alex: And yes, you have to spell it!)
SOUTHERN CALIFORNIA
(Alex: Since you're not coming out there, we have a category on that subject.)
COLLEGE RHYME TIME
    $200 2
Toni Morrison

Josh
    $200 28
Georges Seurat

Carolyn
    $200 8
George Clooney

Katie
    $200 24
(K: What is E-I-S-E-N-H-O-W-S-E-R?)

E-I-S-E-N-H-O-W-E-R

JoshKatie
    $200 23
(we have about a minute left...)

Palm Springs

Carolyn
    $200 15
Mean dean

Katie
    $400 3
"Jewel"

Katie
    $400 27
(J: Who is Seurat?)

Pierre Auguste Renoir

Josh
Triple Stumper
    $400 7
Monica & Ross Geller

Josh
    $400 25
W-E-I-N-B-E-R-G-E-R

Carolyn
    $400 21
Santa Monica Pier

Triple Stumper
    $400 14
Beer cheer

Katie
    $3,000 17
(C: Thank You, Barnes & Noble!)

Maya Angelou

Carolyn
    $600 1
Paul Gauguin

Carolyn
    $600 6
Judge Judy

Katie
    $600 26
C-O-U-S-T-E-A-U

Katie
    $1,000 20
Globe

Carolyn
    $600 11
Test rest

Katie
    $800 16
The Deep End of the Ocean

Carolyn
    $800 9
Edouard Manet

Katie
    $800 4
The Bold and the Beautiful

Katie
    $800 29
L-I-C-H-T-E-N-S-T-E-I-N

Josh
    $800 19
Mulholland Drive

Carolyn
    $800 12
Frat rat

Katie
    $1000 18
"She's Come Undone"

Katie
    $1000 10
Paul Cezanne

Triple Stumper
    $1000 5
Esther Rolle

Carolyn
    $1000 30
M-U-S-S-O-L-I-N-I

Katie
    $1000 22
"Two Years Before the Mast"

Triple Stumper
    $1000 13
Gas class

Carolyn

Scores at the end of the Double Jeopardy! Round:

Josh Katie Carolyn
$3,300 $7,000 $11,700

[wagering suggestions for these scores]

Final Jeopardy! Round responses

HISTORIC AMERICANS
JoshWho was Cornell?
$5
KatieWho was Radcliff?
$4,101
CarolynWho was Johns Hopkins?
$2,000
Thomas Jefferson (University of Virginia)

Final scores:

Josh Katie Carolyn
$3,295 $2,899 $9,700

Cumulative scores:

Josh Katie Carolyn
$12,295 $12,499 $19,700
2nd runner-up: $12,295 1st runner-up: $15,000 Tournament champion: $25,000 + Volvo C70 convertible

Game dynamics:

Coryat scores:

Josh Katie Carolyn
$3,300 $7,500 $8,900
13 R,
2 W
17 R,
5 W
(including 1 DD)
21 R
(including 2 DDs),
1 W

Combined Coryat: $19,700

[game clues] [game scores] [suggest correction]

Game tape date: Unknown
The J! Archive is created by fans, for fans. Scraping, republication, monetization, and malicious use prohibited; this site may use cookies and collect identifying information. See terms. The Jeopardy! game show and all elements thereof, including but not limited to copyright and trademark thereto, are the property of Jeopardy Productions, Inc. and are protected under law. This website is not affiliated with, sponsored by, or operated by Jeopardy Productions, Inc. Join the discussion at JBoard.tv.